Una Mirada Interseccional a la Violencia contra las Mujeres con Diversidad Funcional = An Intersectional Glance at Violence against Women with Functional Diversity

The eradication of violence is one of the main demands of disabled women's organizations around the world. As a result of their activism, both the Beijing Platform for Action (1995) and the UN Convention on the Rights of Persons with Disabilities (2006) made specific mention of their greater ri...

Full description

Saved in:  
Bibliographic Details
Main Author: Conejo, Miriam Arenas (Author)
Format: Electronic Article
Language:Spanish
Published: 2015
In: Oñati Socio-Legal Series
Year: 2015, Volume: 5, Issue: 2, Pages: 367-388
Online Access: Volltext (kostenfrei)
Rights Information:CC BY 4.0
Check availability: HBZ Gateway
Keywords:

MARC

LEADER 00000caa a22000002c 4500
001 1852867078
003 DE-627
005 20240405121011.0
007 cr uuu---uuuuu
008 230718s2015 xx |||||o 00| ||spa c
035 |a (DE-627)1852867078 
035 |a (DE-599)KXP1852867078 
040 |a DE-627  |b ger  |c DE-627  |e rda 
041 |a spa 
084 |a 2,1  |2 ssgn 
100 1 |a Conejo, Miriam Arenas  |e VerfasserIn  |4 aut 
245 1 0 |a Una Mirada Interseccional a la Violencia contra las Mujeres con Diversidad Funcional  |b  = An Intersectional Glance at Violence against Women with Functional Diversity  |c Miriam Arenas Conejo 
246 3 1 |a An Intersectional Glance at Violence against Women with Functional Diversity 
264 1 |c 2015 
336 |a Text  |b txt  |2 rdacontent 
337 |a Computermedien  |b c  |2 rdamedia 
338 |a Online-Ressource  |b cr  |2 rdacarrier 
500 |a Literaturverzeichnis: Seite 383-388 
520 |a The eradication of violence is one of the main demands of disabled women's organizations around the world. As a result of their activism, both the Beijing Platform for Action (1995) and the UN Convention on the Rights of Persons with Disabilities (2006) made specific mention of their greater risk of suffering violence and the need to implement appropriate measures. However, the countries that have included these recommendations in their laws against gender violence are still scarce. Moreover, according to some women with functional diversity, this invisibility is often reproduced both among the feminist and the disability rights movement. The aim of this paper is to explore how an intersectional approach could help to overcome this double obstacle: on the one hand, encouraging the creation of alliances between social movements working for similar objectives and on the other hand, developing legislation and public policies which do not reproduce the exclusion of traditionally marginalized social groups. 
520 |a La erradicación de la violencia es una de las principales reivindicaciones de las organizaciones de mujeres con diversidad funcional a nivel internacional. Fruto de este activismo, se logró que tanto en la Plataforma de Acción de Beijing (1995) como en la Convención de la ONU sobre los derechos de las personas con discapacidad (2006), se hiciera mención específica a su mayor riesgo de sufrir violencia así como a la necesidad de implementar medidas adecuadas. Sin embargo, son todavía escasos los países cuya legislación contra la violencia de género ha introducido estas recomendaciones. Una invisibilización que, según manifiestan las propias mujeres con diversidad funcional, también se reproduce a menudo tanto en el movimiento feminista como en el de las personas con diversidad funcional. El objetivo del texto es explorar hasta qué punto la perspectiva de la interseccionalidad podría contribuir a superar este doble obstáculo: por un lado, potenciando la creación de alianzas entre movimientos sociales que trabajan por objetivos afines y por el otro, desarrollando legislaciones y políticas públicas que no reproduzcan la exclusión de grupos sociales tradicionalmente marginalizados. 
540 |q DE-2619  |a Namensnennung 4.0 International  |f CC BY 4.0  |2 cc  |u http://creativecommons.org/licenses/by/4.0/ 
650 4 |a Disability Studies 
650 4 |a Estudios feministas 
650 4 |a Feminist Studies 
650 4 |a Women's Studies 
650 4 |a Derechos Humanos 
650 4 |a Disability 
650 4 |a discapacidad 
650 4 |a diversidad funcional 
650 4 |a estudios de mujeres 
650 4 |a estudios sobre discapacidad 
650 4 |a functional diversity 
650 4 |a Mujeres 
650 4 |a violencia de género 
650 4 |a Women 
773 0 8 |i Enthalten in  |a Oñati International Institute for the Sociology of Law  |t Oñati Socio-Legal Series  |d Oñati : [Verlag nicht ermittelbar], 2011  |g 5(2015), 2, Seite 367-388  |h Online-Ressource  |w (DE-627)718614828  |w (DE-600)2661059-0  |w (DE-576)365227927  |x 2079-5971  |7 nnas 
773 1 8 |g volume:5  |g year:2015  |g number:2  |g pages:367-388 
856 4 0 |u https://opo.iisj.net/index.php/osls/article/view/402  |x Verlag  |z kostenfrei  |3 Volltext  |7 0 
951 |a AR 
ELC |a 1 
LOK |0 000 xxxxxcx a22 zn 4500 
LOK |0 001 4354788462 
LOK |0 003 DE-627 
LOK |0 004 1852867078 
LOK |0 005 20240405121011 
LOK |0 008 230718||||||||||||||||ger||||||| 
LOK |0 040   |a DE-21-110  |c DE-627  |d DE-21-110 
LOK |0 092   |o n 
LOK |0 852   |a DE-21-110 
LOK |0 852 1  |9 00 
LOK |0 935   |a krzo 
LOK |0 939   |a 18-07-23  |b l01 
OAS |a 1 
ORI |a SA-MARC-krimdoka001.raw